1283 1765 1028 1346 1462 1191 1932 1426 1737 1385 1811 1096 1293 1834 1363 1448 1268 1749 1086 1371 1305 1864 1033 1349 1840 1014 1522 1936 1195 1950 1202 1205 1610 1767 1048 1246 1700 1589 1399 1504 1673 1890 1629 1010 1595 1383 1358 1267 1542 1666 1172 1944 1020 1606 1471 1659 1628 1339 1374 1081 1310 1766 1053 1637 1067 1185 1213 1112 1662 1654 1829 1277 1863 1714 1967 1206 1259 1945 1005 1908 1884 1313 1222 1331 1143 1017 1299 1428 1912 1398 1937 1154 1577 1509 1681 1655 1510 1662 1392 BCNSPRNW ULIB Ver.6.0+V

เปลี่ยนเป็นภาษาไทย

Change to English
 แสดงรายละเอียดบรรณานุกรม
  กลับหน้าหลัก

Brief Record : Get Marc (ISO 2709) : E-mail record : QR code < ปิดหน้าต่าง
LEADER : 00000nam 2200000uu 4500
001    13399127198
003     ULIB
008    191021s2562||||th 000 0 tha d
020 ^- ^a9786160036073
050 ^- ^aนว.^bบ895อ^cล.2
100 ^- ^aแบมแบม.
245 10 ^aอาณาจักรพระอาทิตย์ เล่ม 2 (SETTING SUN) /^cแบมแบม.
250 ^- ^aพิมพ์ครั้งที่ 1.
260 ^- ^aปทุมธานี :^bDeep,^c2562
300 ^- ^a301 หน้า.
945    ^p650^l0^i27891
999    ^aกัณชพร จุลอักษร
รายการนี้ยังไม่มีแท็ก
คุณยังไม่ได้ล็อกอิน คุณสามารถมีกิจกรรมร่วมกับเว็บไซต์ได้ แต่ต้องล็อกอินก่อน ::
  ล็อกอิน

รายการสื่อสารสนเทศ

ลำดับที่ ประเภท เลขเรียก/บาร์โค้ด สถานที่ สถานะ
1. วิทยาศาสตร์การแพทย์ และสุขภาพ
วิทยาศาสตร์การแพทย์ และสุขภาพ
นว. บ895อ ล.2 ฉ.1 
  Barcode: 27891
ห้องสมุดวิทยาเขตนครสวรรค์
►นวนิยาย:l:Fiction
บนชั้น
Note:1 ชุด 650บาท

รายการใกล้เคียง
    ผู้แต่ง [แบมแบม.]

BibComment


ยังไม่เคยถูกคอมเมนท์

คอมเมนท์ทรัพยากรรายการนี้
  คอมเมนท์: อาณาจักรพระอาทิต..


 Copyright 2026. Bcnsprnw @Library